| 000 | 00795cam a2200145 4500500 | ||
|---|---|---|---|
| 005 | 20251228073711.0 | ||
| 041 | _afre | ||
| 042 | _adc | ||
| 100 | 1 | 0 |
_aChrétien-Happe, Isabelle _eauthor |
| 245 | 0 | 0 | _aDentzer-Feydy Jacqueline, Dentzer Jean-Marie, Blanc Pierre-Marie éd., Hauran, II : Les installations de Si’ 8, du sanctuaire à l’établissement viticole (Bibliothèque archéologique et historique, 164), Beyrouth, Institut français d’archéologie du Proche-Orient, 2003, 2 vol. 22,5 × 28 ; vol. 1 : 332 p., fig. ds t. ; vol. 2 : 199 pl. |
| 260 | _c2005. | ||
| 500 | _a15 | ||
| 786 | 0 | _nRevue archéologique | 40 | 2 | 2005-09-01 | p. 365zm-437zm | 0035-0737 | |
| 856 | 4 | 1 | _uhttps://shs.cairn.info/revue-archeologique-2005-2-page-365zm?lang=fr&redirect-ssocas=7080 |
| 999 |
_c1595741 _d1595741 |
||